MARC

LEADER 00000nam0a2200000 4500
001 95338
005 20231101214014.0
035 |a (RuTPU)RU\TPU\book\102093 
090 |a 95338 
100 |a 20060424d1969 m y0rusy50 ca 
101 0 |a rus 
102 |a RU 
105 |a y z 000zy 
200 1 |a Элементы побочных подгрупп IV, V, VI групп периодической системы элементов  |e учебно-методическое пособие  |f М. А. Толстая [и др.] 
210 |a Москва  |c Московский авиационный технологический ин-т  |d 1969 
215 |a 64 с. 
606 1 |a Химические элементы  |2 stltpush  |3 (RuTPU)RU\TPU\subj\17311  |9 43020 
610 1 |a побочные подгруппы 
610 1 |a D-элементы 
610 1 |a химические свойства 
610 1 |a химическая устойчивость 
610 1 |a металлы 
610 1 |a применение 
610 1 |a учебные пособия 
675 |a 546-123  |v 3 
701 1 |a Толстая  |b М. А.  |g Марианна Алексеевна 
701 1 |a Котиева  |b Л. У. 
701 1 |a Флегонтова  |b Л. Н. 
701 1 |a Егорова  |b О. И. 
712 0 2 |a Московский авиационный технологический институт  |2 stltpush  |3 (RuTPU)RU\TPU\col\11296 
801 1 |a RU  |b 63413507  |c 20060424  |g PSBO 
801 2 |a RU  |b 63413507  |c 20151123  |g PSBO 
942 |c BK